Las ondas largas de la economía (Registro nro. 71674)
[ vista simple ]
| 000 -ENCABEZADO | |
|---|---|
| Número de control [NR] | 01029nam a2200253Ia 4500 |
| 008 - DE LONGITUD FIJA DE DATOS DE ELEMENTOS - INFORMACIÓN GENERAL | |
| Elementos de longitud fija [NR] | 130821s1946 sp a gr spa |
| 040 ## - FUENTE DE CATALOGACION [NR] | |
| Agencia de catalogación original [NR] | Co-BoUCM |
| Idioma de catalogación [NR] | spa |
| 041 00 - CODIGO DE IDIOMA [R] | |
| Código de idioma para texto/pista de sonido o título separado [R] | Español |
| 100 1# - ASIENTO PRINCIPAL--NOMBRE PERSONAL [NR] | |
| Nombre personal [NR] | Kondratieff, Nicolai D. |
| ID Autoridad | 142152 |
| 245 14 - MENCION DE TITULO [NR] | |
| Título [NR] | Las ondas largas de la economía |
| Mención de responsabilidad, etc. [NR] | Nicolai D. Kondratieff y George Garvy ; traducción de Miguel Paredes |
| 260 ## - PUBLICACION, DISTRIBUCION, ETC. (PIE DE IMPRENTA) [R] | |
| Lugar de publicación, distribución, etc. [R] | Madrid (España) |
| Nombre del editor, distribuidor, etc. [R] | Revista de Occidente |
| Fecha de publicación, distribución, etc. [R] | 1946 |
| 300 ## - DESCRIPCION FISICA [R] | |
| Extensión [R] | 123 páginas |
| Otros detalles físicos [NR] | ilustraciones, gráficas |
| 490 #0 - MENCION DE SERIE [R] | |
| Mención de serie [R] | Biblioteca de Ciencias Económicas |
| Designación numérica/secuencial del volumen [NR] | 4 |
| 500 ## - NOTA GENERAL [R] | |
| Nota general [NR] | Donación Dr. Álvaro Daza Roa. |
| 500 ## - NOTA GENERAL [R] | |
| Nota general [NR] | Este volumen es la reunión de dos artículos. |
| 505 ## - NOTA DE CONTENIDO CON FORMATO PREESTABLECIDO [R] | |
| State manifest and birth record (1764-1977). | Die langen Wellen der Konjunktur |
| Mención de responsabilidad [R] | Nicolai D. Kondratieff. -- |
| State manifest and birth record (1764-1977). | Kondratieff's theory of long cycles |
| Mención de responsabilidad [R] | George Garvy. |
| 650 04 - ASIENTO SECUNDARIO DE MATERIA - TERMINO TEMATICO [R] | |
| Término temático o nombre geográfico como elemento de entrada [NR] | Ciclos económicos |
| 9 (RLIN) | 10763 |
| 650 04 - ASIENTO SECUNDARIO DE MATERIA - TERMINO TEMATICO [R] | |
| Término temático o nombre geográfico como elemento de entrada [NR] | Economía |
| 9 (RLIN) | 174 |
| 650 04 - ASIENTO SECUNDARIO DE MATERIA - TERMINO TEMATICO [R] | |
| Término temático o nombre geográfico como elemento de entrada [NR] | Teoría económica |
| 9 (RLIN) | 25318 |
| 700 1# - ASIENTO SECUNDARIO - NOMBRE PERSONAL [R] | |
| Nombre personal [NR] | Garvy, George |
| 9 (RLIN) | 114648 |
| 700 1# - ASIENTO SECUNDARIO - NOMBRE PERSONAL [R] | |
| Nombre personal [NR] | Paredes, Miguel |
| Término de relación [R] | |
| 9 (RLIN) | 114240 |
| 942 ## - ELEMENTOS DE ENTRADA AGREGADOS (KOHA) | |
| Tipo de ítem principal el descrito en 300a | Libro |
| Tema principal | Economía |
| Edición | 1 |
| Parte restante de la signatura top. | K821o |
| Sistema de clasificación | DEWEY |
| Clasificación | 330 |
| Fecha de último préstamo | Signatura topográfica | Código de barras | Última vez visto | Ejemplar | Price effective from | Tipo de ítem | Perdido | Sistema de clasificación | Dañado | No prestable | Tipo de ítem específico | Suprimido | Ubicación habitual | Ubicación actual | Localización | Fecha de creación | Forma de adquisición | Costo |
|---|---|---|---|---|---|---|---|---|---|---|---|---|---|---|---|---|---|---|
| 06/06/2011 | FAD 330 K821o | 100113538 | 09/05/2018 | Ej.1 | 03/02/2013 | Libro | DEWEY | Fondos especiales | Archivo Histórico | Archivo histórico | 30/09/2011 | Donación | 26000.00 |